000 00232nam a2200097Ia 4500
001 709729
005 20250826162552.0
008 250824s9999 xx 000 0 und d
245 0 _aENERJİ
_cERİC ÜBELACKER
260 _bTUDEM YAYINLARI
999 _c709729
_d709729